| 000 | 00699nam a2200205 a 4500 | ||
|---|---|---|---|
| 005 | 20231128063553.0 | ||
| 008 | 070827s2000 mx r 000 0 spa d | ||
| 020 | _a9701838882 | ||
| 035 | _aUPN01000151484 | ||
| 049 | _aI | ||
| 050 | 4 |
_aF1219.3 E3 _bC3.7 2000 |
|
| 245 | 0 | 3 |
_aLa casa de todas las voces : _btestimonios de quienes, cuando fueron niñas y niños, vivieron en un albergue escolar indígena. |
| 250 | _a2a ed. | ||
| 260 |
_aMéxico : _bINI, _c2000. |
||
| 300 |
_a53 p. : _bil. |
||
| 650 | 4 |
_aINDIOS DE MEXICO - _xEDUCACION - _vANECDOTAS, CHISTES, SATIRAS, ETC. |
|
| 650 | 4 |
_aIndígenas de México _xVida social y costumbres _95132 |
|
| 650 | 4 |
_aALBERGUES _92100 |
|
| 905 | _aInfantil | ||
| 999 |
_c123620 _d123620 |
||